000 01336cam a2200325 i 4500
001 20751298
003 JO-AjAnu
005 20240805135149.0
008 181121s2020 at a b 001 0 eng
010 _a 2018965075
020 _a9780357041710
_q(hardcover)
040 _aDLC
_beng
_erda
_cDLC
_dJO-AjAnu
042 _apcc
050 0 0 _aRM216
_b.N8625 2020
100 1 _aNahikian-Nelms, Marcia,
_eauthor.
245 1 0 _aNutrition therapy and pathophysiology /
_cMarcia Nahikian Nelms, The Ohio State University [and 7 others].
250 _aFourth edition.
264 1 _aAustralia :
_bCengage,
_c[2020]
300 _a1 volume (various pagings) :
_bcolor illustrations ;
_c28 cm
336 _atext
_btxt
_2rdacontent
337 _aunmediated
_bn
_2rdamedia
338 _avolume
_bnc
_2rdacarrier
500 _aRevised edition of: Nutrition therapy and pathophysiology / Marcia Nahikian Nelms, The Ohio State University ... [and 18 others]. Third edition. [2015].
504 _aIncludes bibliographical references and index.
650 0 _aDiet therapy
_vTextbooks.
650 0 _aPhysiology, Pathological
_vTextbooks.
906 _a7
_bcbc
_corignew
_d2
_eepcn
_f20
_gy-gencatlg
942 _2lcc
_cBK
_n0
999 _c33625
_d33625